Bioinformatics methods and applications : (Record no. 190927)
[ view plain ]
| 000 -LEADER | |
|---|---|
| fixed length control field | 00855nam a2200241Ia 4500 |
| 005 - DATE AND TIME OF LATEST TRANSACTION | |
| control field | 20220829160025.0 |
| 008 - FIXED-LENGTH DATA ELEMENTS--GENERAL INFORMATION | |
| fixed length control field | 210716s2008 xx 000 0 und d |
| 020 ## - INTERNATIONAL STANDARD BOOK NUMBER | |
| International Standard Book Number | 9788120335950 |
| 040 ## - CATALOGING SOURCE | |
| Transcribing agency | AIMIT LIBRARY |
| 041 ## - LANGUAGE CODE | |
| Language code of text/sound track or separate title | eng |
| 082 ## - DEWEY DECIMAL CLASSIFICATION NUMBER | |
| Classification number | 574.80285 |
| Edition number | 3 |
| Item number | RASS |
| 100 ## - MAIN ENTRY--PERSONAL NAME | |
| Personal name | Rastogi, S C. |
| 9 (RLIN) | 55962 |
| 245 ## - TITLE STATEMENT | |
| Title | Bioinformatics methods and applications : |
| Remainder of title | genomics proteomics and drug discovery / |
| Statement of responsibility, etc. | By S C Rastogi, Namitha Mendiratta and Parag Rastogi. |
| 250 ## - EDITION STATEMENT | |
| Edition statement | 3rd ed. |
| 260 ## - PUBLICATION, DISTRIBUTION, ETC. | |
| Place of publication, distribution, etc. | New Delhi : |
| Name of publisher, distributor, etc. | PHI Learning Pvt Ltd , |
| Date of publication, distribution, etc. | 2008. |
| 300 ## - PHYSICAL DESCRIPTION | |
| Extent | xvi, 524p. ; |
| Dimensions | 23 cm. |
| 650 ## - SUBJECT ADDED ENTRY--TOPICAL TERM | |
| Topical term or geographic name entry element | Profiles and hidden markov models |
| 9 (RLIN) | 55963 |
| 650 ## - SUBJECT ADDED ENTRY--TOPICAL TERM | |
| Topical term or geographic name entry element | Protein structure prediction |
| 9 (RLIN) | 55964 |
| 650 ## - SUBJECT ADDED ENTRY--TOPICAL TERM | |
| Topical term or geographic name entry element | Computer- aided drug design |
| 9 (RLIN) | 55965 |
| 700 ## - ADDED ENTRY--PERSONAL NAME | |
| Personal name | Mendiratta, Namita. |
| 9 (RLIN) | 55966 |
| 700 ## - ADDED ENTRY--PERSONAL NAME | |
| Personal name | Rastogi, Parag. |
| 9 (RLIN) | 55967 |
| 942 ## - ADDED ENTRY ELEMENTS (KOHA) | |
| Source of classification or shelving scheme | Dewey Decimal Classification |
| Koha item type | Book |
| Edition | 3rd |
| Call number prefix | 574.80285 RASS |
| Withdrawn status | Lost status | Source of classification or shelving scheme | Damaged status | Not for loan | Collection code | Home library | Current library | Date acquired | Source of acquisition | Total Checkouts | Full call number | Barcode | Date last seen | Price effective from | Koha item type | Cost, normal purchase price | Inventory number | Cost, replacement price |
|---|---|---|---|---|---|---|---|---|---|---|---|---|---|---|---|---|---|---|
| Dewey Decimal Classification | MCA | St Aloysius Institute of Management & Information Technology | St Aloysius Institute of Management & Information Technology | 07/16/2021 | Donated | 574.80285 RASS | MCA04820 | 07/21/2025 | 07/16/2021 | Book | ||||||||
| Dewey Decimal Classification | MCA | St Aloysius Institute of Management & Information Technology | St Aloysius Institute of Management & Information Technology | Athulya Books | 574.80285 RASS | MCA08424 | 07/21/2025 | 07/16/2021 | Book | 325.00 | Bill no:ABK 378; Bill dt:2008-10 | 253.50 | ||||||
| Dewey Decimal Classification | MCA | St Aloysius Institute of Management & Information Technology | St Aloysius Institute of Management & Information Technology | Athulya Books | 574.80285 RASS | MCA08425 | 07/21/2025 | 07/16/2021 | Book | 325.00 | Bill no:ABK 378; Bill dt:2008-10 | 253.50 | ||||||
| Dewey Decimal Classification | MCA | St Aloysius Institute of Management & Information Technology | St Aloysius Institute of Management & Information Technology | Athulya Books | 574.80285 RASS | MCA08426 | 07/21/2025 | 07/16/2021 | Book | 325.00 | Bill no:ABK 378; Bill dt:2008-10 | 253.50 | ||||||
| Dewey Decimal Classification | Reference Book | MCA | St Aloysius Institute of Management & Information Technology | St Aloysius Institute of Management & Information Technology | Athulya Books | 574.80285 RASS | MCA08427 | 07/21/2025 | 07/16/2021 | Book | 325.00 | Bill no:7166; Bill dt:2006-12-07 | 253.50 | |||||
| Dewey Decimal Classification | MCA | St Aloysius Institute of Management & Information Technology | St Aloysius Institute of Management & Information Technology | Athulya Books | 574.80285 RASS | MCA10435 | 07/21/2025 | 07/16/2021 | Book | 325.00 | Bill no:ABK 505; Bill dt:2010-09 | 243.75 |